000 00735nam a2200229Ia 4500
001 9791
003 GE_BSU
008 181216s||||||||xx |||||||||||||| ||und||
040 _cGE_BSU
080 _a821.353.1–32
100 _aნაყოფია,ზურაბ
245 _aენგურის პირას
245 _bმოთხრობები
245 _cრედ. ლ.დადიანი.მხატვ.ჭ.კუკულაძე
260 _aსოხუმი
260 _bაფხაზეთის სახელგამი
260 _c1954
300 _a117გვ.19სმ.
653 _aენგურის პირას
653 _aმოთხრობები
942 _cBK
999 _c43071
_d43071